| 000 | 00513nam a2200205 a 4500 | ||
|---|---|---|---|
| 001 | 369 | ||
| 003 | CO-ViMGA | ||
| 008 | 141112s2004 ck r 000 u spa d | ||
| 040 |
_aCO-ViMGA _bspa _cCO-ViMGA |
||
| 082 | 0 | 4 | _aLOBf |
| 100 | 1 | _aLobe, Mira | |
| 245 | 1 | 0 | _aEl fantasma de palacio |
| 250 | _a2a | ||
| 260 |
_aMadrid : _bS.M, _c1988 |
||
| 300 | _a75 p : il | ||
| 490 | _aEl barco de vapor, 47 | ||
| 650 | 1 | 4 |
_aCUENTOS INFANTILES _92743 |
| 650 | 1 | 4 |
_aFANTASMAS - CUENTOS INFANTILES _948121 |
| 942 |
_2ddc _cBK |
||
| 999 |
_c12612 _d12612 |
||